000 00578nam a2200181 i 4500
001 57374
003 ES-MaACL
007 t|
008 031016s1912 fr ||||1| fre d
100 1 _aDriault, Edouard.
_945636
245 1 0 _aNapoleon et l'Europe
_b: Austerlitz, la fin du Saint Empire (1804-186) /
_cpar Edouard Driault.
260 _aParis :
_bFélix Alcan,
_c1912.
300 _aVI, 482 p. ;
_c23 cm.
490 1 _aBibliothèque d'histoire contemporaine
830 0 _aBibliothèque d'histoire contemporaine
_9180875
852 _aES-MaACL
_jG-7201
999 _c57374
_d57374